000 00752nam a2200265Ia 4500
005 20260121165913.0
008 008 260114s9999 xx 000 0 eng d
020 _a9783319476742
037 _aEBOOK
040 _aCRL
040 _beng
040 _cCRL
041 _2eng
041 _aeng
084 _qCRL
100 _aMaosong Sun, Xuanjing Huang, Hongfei Lin, Zhiyuan Liu, Yang Liu
_91057438
245 0 _aChinese Computational Linguistics and Natural Language Processing Based on Naturally Annotated Big Data
260 _bSpringer
260 _bSpringer
260 _c2016
856 _uhttps://link.springer.com/openurl?genre=book&isbn=978-3-319-47674-2
942 _cEBOOK
999 _c1623167
_d1623167